Vzťah produkcie a cien v potravinárskom priemysle
Celková analýza potravinárskeho priemyslu na Slovensku. Výrazné zníženie potravinárskej a poľnohospodárskej produkcie v stálych cenách. Zníženie maloobchodných cien potravín a skutočných príjmov obyvateľov. Rozdrobenie podnikov v odvetví. Index cien výrobkov a parita poľnohospodárskych cien. Cenové...
Na minha lista:
| Autor principal: | |
|---|---|
| Outros Autores: | |
| Formato: | Capítulo de Livro |
| Idioma: | eslovaco |
| Assuntos: | |
| Tags: |
Sem tags, seja o primeiro a adicionar uma tag!
|
MARC
| LEADER | 00000naa a2200000 4500 | ||
|---|---|---|---|
| 001 | r048035 | ||
| 005 | 20231004074357.0 | ||
| 041 | 0 | |a slo | |
| 044 | |a SK | ||
| 245 | 1 | 0 | |a Vzťah produkcie a cien v potravinárskom priemysle |c František Kuzma, Andrej Havrila |
| 520 | |a Celková analýza potravinárskeho priemyslu na Slovensku. Výrazné zníženie potravinárskej a poľnohospodárskej produkcie v stálych cenách. Zníženie maloobchodných cien potravín a skutočných príjmov obyvateľov. Rozdrobenie podnikov v odvetví. Index cien výrobkov a parita poľnohospodárskych cien. Cenové indexy a skutočný pohyb cien potravinových výrobkov vo vzťahu k zmene spotrebiteľských cien. | ||
| 610 | 2 | 0 | |a potravinárstvo |
| 610 | 2 | 0 | |a produkcia |
| 610 | 2 | 0 | |a výrobky poľnohospodárske |
| 610 | 2 | 0 | |a výrobky priemyselné |
| 610 | 2 | 0 | |a ceny |
| 610 | 2 | 0 | |a parita cenová |
| 610 | 2 | 0 | |a Slovensko |
| 100 | 1 | |a Kuzma, František | |
| 700 | 1 | |a Havrila, Andrej | |